000 00792nam a2200277Ia 4500
003 OSt
005 20220926024457.0
006 a|||||r|||| 00| 0
007 ta
008 220923b |||||||| |||| 00| 0 eng d
020 _a1 85973 036 1
037 _cGeneral Book
040 _aRTL
_cRTL
_beng
041 _2eng
_aeng
082 _aY73(P6).73.N9, N4
100 _aHelpern Rick
_9330841
245 0 _aRace and class in the American South since 1890
260 _aOxford
_bBerg Publisher
_c1994
300 _axvii, 220p
_ccm.
650 _a Ethnic Group
650 _a Negroes
650 _aAfrican
_9330842
700 _a Stokes Melvyn Ed
_9330843
942 _hY73(P6).73.N9, N4
_cGB
_2CC
999 _c644395
_d644395